| 000 | 00538nam a2200181 a 4500 | ||
|---|---|---|---|
| 005 | 20240305063711.0 | ||
| 008 | 991125s1964 mx 000 0 spa u | ||
| 035 | _aUPN01000008300 | ||
| 049 | _aLT | ||
| 050 | 4 |
_aLB1644 M6.2 _bL6.2 1964 |
|
| 100 | 1 | _aLópez González, Agustín | |
| 245 | 1 | 0 |
_aCivismo : _bsegundo de secundaria / _cpor Agustín López y González |
| 260 |
_aMéxico : _bProgreso, _c1964 |
||
| 300 |
_a104 p. : _bil. |
||
| 650 | 4 |
_aCivismo _xEstudio y enseñanza (Secundaria) _91512 |
|
| 904 |
_aAC _b008300 |
||
| 905 | _aLibro | ||
| 999 |
_c8300 _d8300 |
||